00568cam a22001814a 4500020003500000020003500035041000800070082001600078100001900094245003700113250001200150260005100162300001900213650002300232942000700255952010700262999001700369 a0231132204 (hard : alk. paper) a0231132212 (pbk. : alk. paper) aENG00a181.07bFAK1 aFakhry, Majid.12aA history of Islamic philosophy  a3rd ed. aNew York :bColumbia University Press,cc2004. axxvi, 430 p. ; 0aIslamic philosophy cBK 00104070aHMIbHMIcGENd2019-10-23l1m1o181.07 FAKp25660r2020-08-28s2020-07-08w2019-10-23yBK c22784d22784